Регионална библиотека "Любен Каравелов" - Русе

Римски митове (Запис номер 9484)

MARC детайли
000 -Лидер
Контролно поле с фиксирана дължина 01340nam a2200361 c 4500
003 - Код на организацията, давaща контролен номер
Контролно поле BLK
005 - Дата и час на последна редакция
Контролно поле 20180422094049.0
008 - Елементи от данни с фиксирана дължина
fixed length control field 180412b bul|||||r ||||||| ||bul||
010 ## - Наследен системен номер
LC control number KNG00010906000
020 ## - Международен стандартен номер на книга ISBN
Международен стандартен номер на книга ISBN 954-427-220-8
-- издат.: Абагар
040 ## - Източник на каталожния запис
Идентификатор на билиотеката - собственик на записа BLK
041 ## - Код за език
Код за езика на текст/звукозапис или на отделно заглавие Български
Код за езика КДБФ Български
080 ## - УДК
Текстов определител УДК Класически митологии. Религии на Древна Гърция и Рим, етруска религия. Подразделя се като 291
УДК код - определител по УДК 292
УДК определител (37)
УДК - код + определител 292(37)
100 1# - Редна дума - Автор
Автор Гарднър, Джейн
Авторска отговорност първи автор
R(LIN) 254519
139 ## - Редно поле
Редна дума Гарднър, Джейн
Авторски знак Гар - Г 23
245 10 - Сведения за заглавието
Заглавие Римски митове
Редно поле (дума) Джейн Гарднър; прев. Росица Терзиева.
257 ## - Страна на издаване
Страна на създаване/издаване Великобритания
260 ## - Област на издателските данни
-- В. Търново
Име на издателя, разпространителя и проч. Абагар
Година на издаване 1995
300 ## - Физическа характеристика
Страници 104 с.
Илюстрации и др. с ил.
Размери/Мащаб 24 см
380 ## - Жанр
Жанр Религия. Теология
500 ## - Общи забележки
Забележка Без сведение за ориг. загл. - 2 500 тир.
650 #4 - Допълнително описание по предмет – тема
Основно описание – тема или топоним Митове - Древен Рим
9 (RLIN) 254520
650 #4 - Допълнително описание по предмет – тема
Основно описание – тема или топоним Легенди - Древен Рим
9 (RLIN) 254521
651 #4 - Допълнително описание по предмет - топоним
Географско понятие Древен Рим
9 (RLIN) 254522
653 ## - Ключова дума – ненормативна
Ключова дума митове
653 ## - Ключова дума – ненормативна
Ключова дума легенди
700 1# - Други автори (авторска отговорност)
Лично име Терзиева, Росица
Автороска отговорност (Описва отношението между автора и произведението) прев.
9 (RLIN) 363458
852 ## - Местоположение
Форматна сигнатура Цб 185693
856 4# - Електронен адрес и достъп
Електронен формат pdf - файл
Път до файла /url/
856 4# - Електронен адрес и достъп
Електронен формат pdf - файл
Път до файла /url/
942 ## - АРТИКУЛИ
Вид на библиотечния материал Книги
Скрит в OPAC Не
944 ## - СЪЗДАВАНЕ И РЕДАКЦИЯ на ЗАПИСА
Създаване/Редакция Създаване
Дата на регистрацията/редакция 15.01.2003
Служител, извършил регистрацията/редакцията AB_DOS
944 ## - СЪЗДАВАНЕ И РЕДАКЦИЯ на ЗАПИСА
Създаване/Редакция Редакция
Дата на регистрацията/редакция 15.01.2003
Служител, извършил регистрацията/редакцията
999 ## - СИСТЕМНИ КОНТРОЛНИ НОМЕРА
Koha biblionumber 9484
Koha biblioitemnumber 9484
Наличности
Код за отписване Код за изгубен артикул Източник на класификационната схема Код за повреда Коз за рестрикции Код за отдаване Артикулен № Име на библиотеката - собственик Име на библиотеката, в която се намира в момента Статус (Текущо местоположение) Дата на вписване в системата Местоположение - отдел Цена в лева Инвентарен номер Систематично азбучна сигнатура Баркод Номер на екземпляра Цена в евро Служебна бележка Служебен тип на артикула
Изтеглен Не е изгубен Universal Decimal Classification Не е повреден без рестрикции заемане за дома 16403 Регионална библиотека "Любен Каравелов" Русе Регионална библиотека "Любен Каравелов" Русе Детски отдел 2001-01-01 Детски отдел 1.50 619381 ДН 2/Г 23 619381 1 0.77 Дост: Pk Вид: Ф N: стар фонд Дата: 01.01.1995 Дата инв: 26.08.2015 Бележки инв: Д2015 Книги
  Не е изгубен Universal Decimal Classification Не е повреден без рестрикции заемане за дома 16404 Регионална библиотека "Любен Каравелов" Русе Регионална библиотека "Любен Каравелов" Русе Детски отдел 2001-01-01 Детски отдел 1.50 619382 ДН 2/Г 23 120000619382 2 0.77 Дост: Pk Вид: Ф N: стар фонд Дата: 01.01.1995 Дата инв: 26.08.2015 Бележки инв: Д2015 Книги
  Не е изгубен Universal Decimal Classification Не е повреден без рестрикции ползва се в читалня 16405 Регионална библиотека "Любен Каравелов" Русе Регионална библиотека "Любен Каравелов" Русе Хранилище 2001-01-01 Хранилище 1.50 620060 Цб 185693 120000620060 3 0.77 Дост: Dp Вид: Д N: стар фонд Дата: 01.01.1995 Книги
Vip Innovations Ltd, Rousse, Bulgaria 2025